ბათუმის შოთა რუსთაველის სახელმწიფო უნივერსიტეტის ბიბლიოთეკა

Теоретические основы электроники. Линейные электрические цепи с сосредоточенными постоянными. Том 1. (ბიბ.ჩანაწერი № 47108)

000 -LEADER
fixed length control field 00767nam a2200217Ia 4500
001 - CONTROL NUMBER
control field 13965
003 - CONTROL NUMBER IDENTIFIER
control field GE_BSU
008 - FIXED-LENGTH DATA ELEMENTS--GENERAL INFORMATION
fixed length control field 181216s||||||||xx |||||||||||||| ||und||
040 ## - CATALOGING SOURCE
Transcribing agency GE_BSU
080 ## - UNIVERSAL DECIMAL CLASSIFICATION NUMBER
Universal Decimal Classification number 621.3.06(075.8)
100 ## - MAIN ENTRY--PERSONAL NAME
Personal name Поливанов,К.М.
245 ## - TITLE STATEMENT
Title Теоретические основы электроники. Линейные электрические цепи с сосредоточенными постоянными. Том 1.
245 ## - TITLE STATEMENT
Remainder of title Учебник для вузов.
245 ## - TITLE STATEMENT
Statement of responsibility, etc. Ред. Б.Я.Жуховицкий.
260 ## - PUBLICATION, DISTRIBUTION, ETC.
Place of publication, distribution, etc. М.
260 ## - PUBLICATION, DISTRIBUTION, ETC.
Name of publisher, distributor, etc. Энергия.
260 ## - PUBLICATION, DISTRIBUTION, ETC.
Date of publication, distribution, etc. 1972.
300 ## - PHYSICAL DESCRIPTION
Extent 240стр. с илл. 26 см.
653 ## - INDEX TERM--UNCONTROLLED
Uncontrolled term Теоретические основы электроники.
942 ## - ADDED ENTRY ELEMENTS (KOHA)
Koha item type წიგნი
ეგზემპლარები
Withdrawn status Lost status Damaged status Not for loan Date acquired Barcode Date last seen Price effective from Koha item type
        2018-12-17 10674 2018-12-17 2018-12-17 წიგნი
        2018-12-17 10675 2018-12-17 2018-12-17 წიგნი